[Event "AUTO-INT-2968"]
[Site "http://www.queenalice.com/game.php?id=1346540"]
[Date "2015.3.9"]
[Round "1"]
[White "BOTAFOGONISSO"]
[Black "kykobr"]
[Result "0-1"]
[WhiteElo "1557"]
[BlackElo "1731"]

1. e4 c5 2. d4 cxd4 3. Qxd4 Nc6 4. Qd2 Nf6 5. Nc3 a6 6. Bc4 e6 7. Qe2 Bb4 8. Nf3
O-O 9. O-O Re8 10. a3 Bc5 11. Nh4 d5 12. Bb3 Nd4 13. Qd3 dxe4 14. Qg3 Bb6 15.
Bh6 g6 16. Rad1 Ba5 17. Be3 Bxc3 18. bxc3 Ne2+ 19. Kh1 Nxg3+ 20. fxg3 Qe7 21.
Bg5 Qd7 22. Rxd7 Nxd7 23. Re1 f5 24. g4 b6 25. gxf5 gxf5 26. Ba4 Kg7 27. c4 h6
28. Be3 h5 29. Bd4+ Kf7 30. Rf1 b5 31. Bb3 bxc4 32. Bxc4 Rb8 33. Nxf5 Kg6 34.
Nd6 Re7 35. Nxe4 Bb7 36. Rb1 Bxe4 37. Re1 Bxc2 38. Ba2 Bb3 39. Bb1+ Kf7 40. Rf1+
Kg8 41. Rf4 Bd5 42. Rh4 Rxb1+ 43. Bg1 Rg7 44. h3 Rxg2 45. Rd4 Rbxg1# 0-1

[Event "AUTO-INT-2968"]
[Site "http://www.queenalice.com/game.php?id=1346541"]
[Date "2015.3.9"]
[Round "1"]
[White "kykobr"]
[Black "Zodiac"]
[Result "1-0"]
[WhiteElo "1675"]
[BlackElo "1569"]

1. e4 e5 2. Nf3 Nc6 3. Bb5 a6 4. Bxc6 dxc6 5. O-O Bg4 6. d3 h6 7. h3 Bxf3 8.
Qxf3 Bc5 9. Qg3 Qf6 10. Nd2 Ne7 11. Nb3 Bb6 12. Kh1 Ng6 13. f4 h5 14. f5 h4 15.
Qg4 Ne7 16. Bg5 Qd6 17. f6 Ng8 18. fxg7 Rh7 19. Rf6 Qd7 20. Qxd7+ Kxd7 21. Rxf7+
Ke6 22. Raf1 Re8 23. Rf8 Rxf8 24. gxf8=Q 1-0

[Event "AUTO-INT-2968"]
[Site "http://www.queenalice.com/game.php?id=1346542"]
[Date "2015.3.9"]
[Round "1"]
[White "Zodiac"]
[Black "kykobr"]
[Result "0-1"]
[WhiteElo "1619"]
[BlackElo "1676"]

1. e4 c5 2. Nf3 d6 3. d4 cxd4 4. Nxd4 Nc6 5. Nc3 Nxd4 6. Qxd4 a6 7. Bc4 e6 8.
Be3 Be7 9. Qb6 Qxb6 10. Bxb6 Nf6 11. h3 Bd7 12. g4 h6 13. f4 Bc6 14. Bd3 Nd7 15.
Bf2 Nc5 16. Bxc5 dxc5 17. Rh2 Bh4+ 18. Ke2 Bg3 19. Rhh1 Bxf4 20. Raf1 e5 21. Kd1
Rd8 22. Ke1 b5 23. b3 O-O 24. Ne2 g5 25. Nxf4 exf4 26. Kf2 c4 27. bxc4 bxc4 28.
Bxc4 Rd2+ 29. Kf3 Rxc2 30. Bd5 Bxd5 31. exd5 Rd2 32. Rf2 Rxd5 33. Re1 Rd3+ 34.
Kg2 Rfd8 35. Ree2 Rg3+ 36. Kh2 Rdd3 0-1

[Event "AUTO-INT-2933"]
[Site "http://www.queenalice.com/game.php?id=1353725"]
[Date "2015.4.15"]
[Round "2"]
[White "kykobr"]
[Black "SMB51"]
[Result "0-1"]
[WhiteElo "1816"]
[BlackElo "1820"]

1. e4 e5 2. Nf3 Nc6 3. Bb5 d6 4. O-O Bd7 5. Nc3 Nb4 6. Bxd7+ Qxd7 7. a3 Nc6 8.
d4 exd4 9. Nxd4 Ne5 10. f4 Ng4 11. f5 Ne5 12. Bf4 Nf6 13. Bg5 Be7 14. Bxf6 Bxf6
15. Nd5 Bd8 16. f6 g6 17. Qd2 c6 18. Ne3 Bb6 19. c3 h5 20. Nf3 Nc4 21. Qe2 Nxe3
22. Kh1 Nxf1 23. Qxf1 O-O-O 24. b4 Qg4 25. a4 Qxe4 26. Re1 Qf5 27. a5 Bc7 28. a6
b6 29. Qc4 Qxf6 30. Nd4 Qf2 31. Rf1 Qh4 32. Nxc6 Qxc4 0-1

[Event "AUTO-INT-2933"]
[Site "http://www.queenalice.com/game.php?id=1353726"]
[Date "2015.4.15"]
[Round "2"]
[White "SMB51"]
[Black "kykobr"]
[Result "0-1"]
[WhiteElo "1840"]
[BlackElo "1798"]

1. e4 c5 2. Bc4 e6 3. d4 cxd4 4. Qxd4 Nc6 5. Qd1 Nf6 6. Bg5 Be7 7. Bxf6 Bxf6 8.
c3 O-O 9. Nf3 Ne5 10. Nxe5 Bxe5 11. O-O a6 12. Be2 b5 13. h3 Bb7 14. Nd2 d5 15.
exd5 Qxd5 16. Bf3 Qd7 17. Ne4 Qc7 18. Ng3 Bxg3 19. fxg3 Rad8 20. Qe2 Ba8 21. Kh2
Rd6 22. h4 Rfd8 23. Rad1 h6 24. Rd3 Rxd3 0-1

[Event "AUTO-INT-2933"]
[Site "http://www.queenalice.com/game.php?id=1353727"]
[Date "2015.4.15"]
[Round "2"]
[White "kykobr"]
[Black "twiddledeedum"]
[Result "1-0"]
[WhiteElo "1800"]
[BlackElo "1813"]

1. e4 e5 2. Nf3 d6 3. Bc4 h6 4. O-O Bg4 5. h3 Bh5 6. d3 Qf6 7. Nbd2 Nc6 8. a3
Nd4 9. g4 Bg6 10. Nxd4 h5 11. Kh2 Qf4+ 12. Kg2 hxg4 13. Qxg4 Qxg4+ 14. hxg4 Nf6
15. Nf5 Nxg4 16. Rh1 Rxh1 17. Kxh1 Bxf5 18. exf5 Nxf2+ 19. Kg2 Ng4 20. Nf3 Ne3+
21. Bxe3 f6 22. Nh4 O-O-O 23. Be6+ Kb8 24. Ng6 a5 25. Rh1 c5 26. Rh8 Be7 27.
Rxd8+ Bxd8 28. c3 b5 29. Kf3 1-0

[Event "AUTO-INT-2933"]
[Site "http://www.queenalice.com/game.php?id=1353728"]
[Date "2015.4.15"]
[Round "2"]
[White "twiddledeedum"]
[Black "kykobr"]
[Result "0-1"]
[WhiteElo "1736"]
[BlackElo "1829"]

1. e4 c5 2. Nf3 d6 3. Nc3 Nc6 4. Bb5 Bd7 5. O-O a6 6. Bc4 b5 7. Bd5 Nf6 8. a3 e6
9. Bxc6 Bxc6 10. b4 Nxe4 11. Nxe4 Bxe4 12. bxc5 dxc5 13. d3 Bb7 14. Ne5 Qd4 15.
Nxf7 Kxf7 16. Be3 Qd5 17. f3 Bd6 18. Qe2 Rhf8 19. Rae1 Kg8 20. c4 bxc4 21. dxc4
Qc6 22. Bc1 Rfe8 23. Bb2 Re7 24. Be5 Rd8 25. Bg3 e5 26. Qe4 Qc7 27. Qc2 e4 28.
fxe4 Bxg3 29. hxg3 Qxg3 30. a4 Re5 31. Rf3 Qxe1+ 32. Kh2 Qh4+ 33. Rh3 Qxe4 34.
Qxe4 Rxe4 35. Rc3 Rde8 36. g3 Re2+ 37. Kh3 R8e4 38. Rc1 Bc8+ 0-1

[Event "AUTO-ADV-3370"]
[Site "http://www.queenalice.com/game.php?id=1362051"]
[Date "2015.5.28"]
[Round "2"]
[White "kykobr"]
[Black "pacou93"]
[Result "0-1"]
[WhiteElo "1813"]
[BlackElo "1774"]

1. e4 e5 2. Nf3 Nc6 3. Bb5 g6 4. O-O Bg7 5. d3 d6 6. Bg5 f6 7. Bh4 Bd7 8. Nc3
Nge7 9. Bxc6 Bxc6 10. d4 exd4 11. Nxd4 Qd7 12. f4 O-O-O 13. a4 a6 14. b4 b6 15.
Nce2 Rde8 16. Nxc6 Nxc6 17. b5 axb5 18. axb5 Nb8 19. Qd3 f5 20. Ra7 Rxe4 21. Qd5
c6 22. Rxd7 cxd5 23. Rxg7 Rxe2 24. Rd1 Rxc2 25. Rxd5 Rc7 26. Re7 Rd7 27. Re6 Kc7
28. Be7 Re8 29. Bxd6+ Kd8 30. Rxe8+ Kxe8 31. Kf2 Kf7 32. Ke3 Ke6 33. Bxb8 Rxd5
34. Be5 Rxb5 35. g3 Rxe5+ 36. fxe5 Kxe5 37. Kd3 b5 0-1

[Event "AUTO-ADV-3370"]
[Site "http://www.queenalice.com/game.php?id=1362052"]
[Date "2015.5.28"]
[Round "2"]
[White "pacou93"]
[Black "kykobr"]
[Result "1-0"]
[WhiteElo "1792"]
[BlackElo "1795"]

1. e4 c5 2. Nf3 d6 3. g3 Bg4 4. Bg2 Nc6 5. O-O Qd7 6. c3 Ne5 7. Nxe5 dxe5 8. f3
Bh3 9. Qe2 Bxg2 10. Kxg2 g6 11. Na3 Bg7 12. Nb5 a6 13. Na3 Nf6 14. Nc4 Qb5 15.
a4 Qc6 16. Nxe5 Qc7 17. Nd3 O-O 18. Nf4 e5 19. Nd5 Nxd5 20. exd5 Qd6 21. c4 b5
22. b3 b4 23. Ra2 f5 24. f4 exf4 25. gxf4 Rae8 26. Qf2 Bd4 27. Qf3 Re7 28. Bb2
Bxb2 29. Rxb2 Rfe8 30. Rbb1 Re2+ 31. Rf2 Re1 32. Rxe1 Rxe1 33. h4 Qf6 34. Re2
Rb1 35. Kg3 Qd4 36. Qe3 Qxe3+ 37. Rxe3 Kf7 38. d6 Rd1 39. d3 Rb1 40. d7 Rxb3 41.
d8=Q 1-0

[Event "AUTO-ADV-3370"]
[Site "http://www.queenalice.com/game.php?id=1362053"]
[Date "2015.5.28"]
[Round "2"]
[White "kykobr"]
[Black "Antero"]
[Result "0-1"]
[WhiteElo "1857"]
[BlackElo "1821"]

1. e4 c5 2. Nf3 Nc6 3. d4 e6 4. Bb5 a6 5. Bxc6 dxc6 6. dxc5 Qxd1+ 7. Kxd1 Bxc5
8. Ke2 Nf6 9. Nc3 O-O 10. Bg5 Ng4 11. Nd1 f6 12. Be3 Nxe3 13. Nxe3 f5 14. e5 f4
15. Nc4 g5 16. Nxg5 Bd4 17. c3 Ba7 18. Rhd1 Bb8 19. Nd6 Bc7 20. Nxc8 Raxc8 21.
Rd7 Rf5 22. Nf3 b6 23. Rad1 Bxe5 24. Ra7 a5 25. Rdd7 Bh8 26. Nd4 Rf6 27. Rxh7 e5
28. Nf3 Rg6 29. Nxe5 Bxe5 30. Rhe7 Bh8 31. Kf3 Rg7 32. Rxg7+ Bxg7 33. Kxf4 Re8
34. Rb7 b5 35. Rc7 Be5+ 0-1

[Event "AUTO-ADV-3370"]
[Site "http://www.queenalice.com/game.php?id=1362054"]
[Date "2015.5.28"]
[Round "2"]
[White "Antero"]
[Black "kykobr"]
[Result "0-1"]
[WhiteElo "1837"]
[BlackElo "1841"]

1. c4 c5 2. Nc3 Nc6 3. Nf3 Nf6 4. e4 d6 5. d3 Bg4 6. Be2 e6 7. O-O Be7 8. Re1
O-O 9. a3 a6 10. Bf1 Qc7 11. Bg5 h6 12. Be3 Ne5 13. Be2 Rab8 14. b3 b5 15. cxb5
axb5 16. d4 Bxf3 17. Bxf3 cxd4 18. Qxd4 Nxf3+ 19. gxf3 Rfc8 20. Rac1 e5 21. Qa7
Qd8 22. Nd5 Nxd5 23. exd5 Bg5 24. Rxc8 Rxc8 25. Bxg5 Qxg5+ 26. Kf1 Qf4 27. Kg2
Rc3 28. Kf1 Rxf3 29. Re3 Rxf2+ 30. Ke1 Qxh2 0-1

[Event "AUTO-OPEN-3448"]
[Site "http://www.queenalice.com/game.php?id=1385876"]
[Date "2015.9.27"]
[Round "2"]
[White "kykobr"]
[Black "mathematician1961"]
[Result "0-1"]
[WhiteElo "1840"]
[BlackElo "2725"]

1. e4 e6 2. d4 d5 3. exd5 exd5 4. Nc3 Nf6 5. Bg5 Be6 6. Nf3 h6 7. Bh4 Nbd7 8.
Bb5 c6 9. Ba4 a5 10. Bg3 b5 11. Bxb5 cxb5 12. b3 Bb4 0-1

[Event "AUTO-OPEN-3448"]
[Site "http://www.queenalice.com/game.php?id=1385877"]
[Date "2015.9.27"]
[Round "2"]
[White "mathematician1961"]
[Black "kykobr"]
[Result "1-0"]
[WhiteElo "2733"]
[BlackElo "1838"]

1. d4 d5 2. c4 c6 3. Nf3 Nf6 4. e3 Qa5+ 5. Nc3 e6 6. Bd2 Bb4 7. Bd3 dxc4 8. Bxc4
b5 9. Bd3 Bb7 10. e4 O-O 11. e5 Nd5 12. Bxh7+ Kh8 13. Ng5 Nf4 14. Bxf4 Bxc3+ 15.
bxc3 Qxc3+ 16. Bd2 Qxd4 17. Qh5 Qxe5+ 18. Be4+ 1-0

[Event "AUTO-OPEN-3549"]
[Site "http://www.queenalice.com/game.php?id=1386270"]
[Date "2015.9.29"]
[Round "1"]
[White "favelas1"]
[Black "kykobr"]
[Result "1-0"]
[WhiteElo "2265"]
[BlackElo "1840"]

1. d4 d5 2. c4 c6 3. Nc3 Nf6 4. e3 e6 5. Nf3 Bb4 6. a3 Ne4 7. axb4 b6 8. Bd3
Nxc3 9. bxc3 O-O 10. cxd5 cxd5 11. b5 Qc7 12. Qc2 h6 13. c4 Bd7 14. Ne5 Be8 15.
Ba3 dxc4 16. Be4 Bxb5 17. Bxa8 Nd7 18. Bxf8 Nxe5 19. dxe5 1-0

[Event "AUTO-OPEN-3549"]
[Site "http://www.queenalice.com/game.php?id=1386271"]
[Date "2015.9.29"]
[Round "1"]
[White "kykobr"]
[Black "favelas1"]
[Result "0-1"]
[WhiteElo "1830"]
[BlackElo "2377"]

1. e4 e5 2. Nf3 Nc6 3. Bb5 a6 4. Ba4 Nge7 5. O-O g6 6. d3 d6 7. Bg5 Bg7 8. Qd2
Bg4 9. Qe3 f6 10. Bh6 Bxh6 11. Qxh6 Bxf3 12. gxf3 Qd7 13. Qg7 O-O-O 14. Nc3 b5
15. Bb3 Nd4 16. Kg2 f5 17. Nd5 Nxd5 18. Qxd7+ Kxd7 19. Bxd5 c6 20. Bb3 Ne2 21.
exf5 Nf4+ 22. Kg3 gxf5 23. h4 d5 24. c4 Kc7 25. cxd5 cxd5 26. Rac1+ Kd6 27. Rcd1
Rhg8+ 28. Kh2 Rg6 29. d4 Rg2+ 30. Kh1 e4 31. fxe4 Rg4 32. Kh2 Rdg8 33. e5+ Ke7
34. Rd3 Rxh4+ 0-1

[Event "AUTO-OPEN-3549"]
[Site "http://www.queenalice.com/game.php?id=1386294"]
[Date "2015.9.29"]
[Round "1"]
[White "BrennoMoreira"]
[Black "kykobr"]
[Result "1-0"]
[WhiteElo "1138"]
[BlackElo "1769"]

1. e4 c5 2. Bc4 e6 3. Nc3 Qc7 4. Qf3 a6 5. d3 Nc6 6. Nge2 Nf6 7. Bf4 Bd6 8. O-O
Bxf4 9. Nxf4 Ne5 10. Qe3 Nxc4 11. dxc4 O-O 12. Rad1 Ng4 13. Qg3 Nf6 14. Rd3 b6
15. Qg5 h6 16. Qh4 Qe5 17. Rg3 Nxe4 18. Re1 f5 19. Nxe4 fxe4 20. Qxh6 Rxf4 21.
Qh3 1-0

[Event "AUTO-OPEN-3549"]
[Site "http://www.queenalice.com/game.php?id=1386295"]
[Date "2015.9.29"]
[Round "1"]
[White "kykobr"]
[Black "BrennoMoreira"]
[Result "1-0"]
[WhiteElo "1767"]
[BlackElo "1142"]

1. e4 c5 2. Nf3 e6 3. Bc4 Ne7 4. O-O g6 5. b3 Qb6 6. Bb2 Rg8 7. Be2 d5 8. exd5
Nxd5 9. Nc3 Nf4 10. Bb5+ Kd8 11. d4 a6 12. dxc5+ Bd6 13. cxb6 axb5 14. Qxd6+ Bd7
15. Qxf4 Nc6 16. Qxf7 Re8 17. Rfd1 Kc8 18. Qxd7+ Kb8 19. Qxe8+ Nd8 20. Qxd8# 1-0

[Event "AUTO-OPEN-3549"]
[Site "http://www.queenalice.com/game.php?id=1386310"]
[Date "2015.9.29"]
[Round "1"]
[White "kykobr"]
[Black "MSchatz"]
[Result "0-1"]
[WhiteElo "1826"]
[BlackElo "2094"]

1. e4 e5 2. Nf3 Nc6 3. Bb5 Bc5 4. O-O d6 5. Bxc6+ bxc6 6. c3 Ba6 7. d3 Nf6 8.
Bg5 h6 9. Bh4 g5 10. Bg3 Nh5 11. Nxe5 Nxg3 12. hxg3 dxe5 13. c4 Bd4 14. Nc3 Bc8
15. Qd2 Be6 16. b3 h5 17. Rac1 h4 18. Ne2 c5 19. Qa5 h3 20. Nxd4 hxg2 21. Kxg2
Bh3+ 22. Kf3 g4+ 23. Ke2 Bxf1+ 24. Rxf1 Qxd4 25. Qxc7 Rd8 26. Rd1 Rh2 27. Qc6+
Kf8 28. Qf6 Rd6 29. Qf5 Qb2+ 30. Rd2 Qd4 31. Qxg4 Rg6 32. Qf3 Qd7 33. Qf5 Qxf5
34. exf5 Rf6 35. g4 Rd6 36. Kf3 Rd4 37. Kg3 Rh6 38. f3 Rhd6 39. g5 Rxd3 40. Rh2
Kg7 41. Re2 Rd2 42. Rxe5 Rxa2 43. Rxc5 Rb6 44. Rc7 Rxb3 45. g6 Kg8 46. Rxf7 Raa3
47. f6 Rxf3+ 48. Kg4 Rg3+ 49. Kf4 Rxg6 0-1

[Event "AUTO-OPEN-3549"]
[Site "http://www.queenalice.com/game.php?id=1386311"]
[Date "2015.9.29"]
[Round "1"]
[White "MSchatz"]
[Black "kykobr"]
[Result "1-0"]
[WhiteElo "2060"]
[BlackElo "1838"]

1. e4 c5 2. Nf3 d6 3. Bb5+ Bd7 4. Bxd7+ Nxd7 5. c4 Ngf6 6. d3 e6 7. Be3 Be7 8.
Nc3 O-O 9. O-O a6 10. Rb1 Rb8 11. Qd2 Qc7 12. Bf4 e5 13. Bg5 Qd8 14. Ne1 b5 15.
Bxf6 Nxf6 16. Nd5 bxc4 17. Nxf6+ Bxf6 18. dxc4 Bg5 19. Qe2 Qa5 20. b3 f5 21. f3
f4 22. Nd3 Rf6 23. Nf2 Bh4 24. Ng4 Rff8 25. Rb2 Qb4 26. Qd2 a5 27. Qxd6 Qc3 28.
Rbb1 Rfd8 29. Qxc5 h5 30. Qxe5 Qxe5 31. Nxe5 Rd2 32. Rfd1 Rxd1+ 33. Rxd1 Bf6 34.
Nd7 Rb7 35. Nxf6+ gxf6 36. Rd5 1-0

[Event "AUTO-ADV-3505"]
[Site "http://www.queenalice.com/game.php?id=1386344"]
[Date "2015.9.29"]
[Round "1"]
[White "sphagnis"]
[Black "kykobr"]
[Result "0-1"]
[WhiteElo "1663"]
[BlackElo "1831"]

1. e4 c5 2. Nf3 d6 3. h3 Nf6 4. Nc3 Nc6 5. d4 cxd4 6. Nxd4 e6 7. Bg5 Be7 8. Nxc6
bxc6 9. e5 Nd5 10. Nxd5 cxd5 11. Bb5+ Bd7 12. Bxe7 Qxe7 13. Qd3 dxe5 14. f3 O-O
15. Bxd7 Qxd7 16. c4 Rfd8 17. O-O Qc6 18. Rac1 Qb7 19. b3 Rac8 20. Rfd1 e4 21.
fxe4 h6 22. Kf2 dxc4 23. Qe2 cxb3 24. Rb1 Rxd1 25. Rxd1 Rc2 26. Rd2 Rxd2 27.
Qxd2 b2 28. Qxb2 Qxb2+ 29. Ke3 Qxa2 30. g4 Qb2 31. h4 a5 32. g5 a4 33. gxh6 gxh6
34. h5 a3 35. Kd3 a2 36. Kc4 a1=R 37. Kc5 Ra5+ 38. Kd6 Qb6+ 39. Ke7 Ra7+ 40. Kf6
Qf2+ 41. Ke5 Ra5+ 42. Kd6 Qb6+ 43. Ke7 Ra7+ 44. Kf6 Qd4+ 45. e5 Qf4# 0-1

[Event "AUTO-ADV-3505"]
[Site "http://www.queenalice.com/game.php?id=1386345"]
[Date "2015.9.29"]
[Round "1"]
[White "kykobr"]
[Black "sphagnis"]
[Result "1-0"]
[WhiteElo "1821"]
[BlackElo "1652"]

1. e4 e5 2. Nf3 Nc6 3. Bb5 d6 4. O-O Bd7 5. c3 Na5 6. Qa4 b6 7. d4 Nf6 8. Bg5
Be7 9. dxe5 c6 10. exf6 Bxf6 11. Bxf6 Qxf6 12. Bd3 O-O 13. Nbd2 c5 14. Qxd7 Rfd8
15. Qh3 h6 16. Rfe1 Nc6 17. Bc2 a6 18. Qh4 Qe6 19. Bb3 Qg6 20. e5 b5 21. Rac1
Kf8 22. Bc2 Qe6 23. a3 Ne7 24. exd6 Qxd6 25. Rxe7 Qxe7 26. Qxe7+ Kxe7 27. Re1+
Kd6 28. Ne4+ Kc6 29. Ne5+ Kd5 30. Nf3 f5 31. Ng3 g6 32. Rd1+ Ke6 33. Rxd8 Rxd8
34. Kf1 g5 35. Bxf5+ Kf6 36. h3 h5 37. Bc2 g4 38. Nh4 Rd2 39. Ne4+ Ke5 40. Nxd2
gxh3 41. gxh3 Kf4 42. Kg2 a5 43. f3 b4 44. axb4 cxb4 45. cxb4 axb4 46. Nb3 Kg5
47. Kg3 Kh6 48. f4 Kg7 49. f5 Kf6 50. Kf4 Kf7 51. Kg5 Kg7 52. Kxh5 Kf6 53. Kh6
Kf7 54. Kg5 Kg7 55. f6+ Kf7 56. Nf5 Kf8 57. h4 Kf7 58. h5 Kg8 59. Kg6 Kf8 60. h6
Kg8 61. Ne7+ Kh8 62. Kf5 Kh7 63. f7 Kxh6 64. f8=Q+ Kh7 65. Qg8+ Kh6 66. Qg6# 1-0

[Event "AUTO-ADV-3505"]
[Site "http://www.queenalice.com/game.php?id=1386356"]
[Date "2015.9.29"]
[Round "1"]
[White "Lopesq"]
[Black "kykobr"]
[Result "1-0"]
[WhiteElo "1983"]
[BlackElo "1836"]

1. Nf3 d5 2. d4 Nf6 3. c3 Bg4 4. Nbd2 Nc6 5. h3 Bh5 6. g4 Bg6 7. e3 Ne4 8. Bg2
e6 9. O-O Be7 10. Qb3 b6 11. Qa4 Qd7 12. Ne5 Nxe5 13. Qxd7+ Nxd7 14. Nf3 c5 15.
h4 f6 16. h5 Bf7 17. Rd1 O-O 18. dxc5 bxc5 19. c4 Nb6 20. cxd5 Nxd5 21. a3 Be8
22. Nh4 Ng5 23. Rxd5 Bc6 24. Rd1 Bxg2 25. Kxg2 Rfd8 26. Rd2 Ne4 27. Rxd8+ Rxd8
28. Nf3 Rd1 29. b4 h6 30. bxc5 Bxc5 31. Bb2 Rxa1 32. Bxa1 Nd6 33. a4 Bb4 34. Bd4
a6 35. Nh4 e5 36. Bb6 a5 37. f3 Nc4 38. Ba7 Nb2 39. Nf5 Nxa4 40. e4 Bc5 41. Bxc5
Nxc5 42. Ne3 Kf7 43. Kf2 g6 44. hxg6+ Kxg6 45. Nc4 a4 46. Ke3 Kg5 47. Na3 h5 48.
gxh5 Kxh5 49. f4 Kg4 50. fxe5 fxe5 51. Nc4 Nd7 52. Na3 Nc5 53. Nc4 Nd7 54. Na3
Kg3 55. Nc4 Kg2 56. Ke2 Kg1 57. Kd2 1-0

[Event "AUTO-ADV-3505"]
[Site "http://www.queenalice.com/game.php?id=1386357"]
[Date "2015.9.29"]
[Round "1"]
[White "kykobr"]
[Black "Lopesq"]
[Result "0-1"]
[WhiteElo "1850"]
[BlackElo "1997"]

1. e4 d5 2. exd5 Qxd5 3. Nc3 Qe5+ 4. Be2 c6 5. Nf3 Qc7 6. O-O e6 7. d3 Be7 8.
Bg5 Nf6 9. Qd2 Nbd7 10. d4 Qd8 11. Ne5 O-O 12. Rad1 h6 13. Bxh6 Nxe5 14. Bxg7
Kxg7 15. Qg5+ Ng6 16. h4 Nd5 17. Qg4 Bxh4 18. Rd3 e5 19. Qf3 f5 20. dxe5 Nxe5
21. Qe3 Nxe3 0-1

[Event "AUTO-ADV-3505"]
[Site "http://www.queenalice.com/game.php?id=1386362"]
[Date "2015.9.29"]
[Round "1"]
[White "lat47"]
[Black "kykobr"]
[Result "1-0"]
[WhiteElo "1879"]
[BlackElo "1779"]

1. d4 d5 2. e3 Nf6 3. Nc3 e6 4. a3 a6 5. Nf3 Be7 6. Bd3 c5 7. O-O c4 8. Be2 O-O
9. b3 b5 10. bxc4 bxc4 11. Ne5 Nfd7 12. Nxd7 Bxd7 13. e4 f6 14. exd5 exd5 15.
Nxd5 Bb5 16. Nxe7+ Qxe7 17. c3 Nc6 18. Re1 Qc7 19. a4 Qa5 20. Bd2 Nxd4 21. Ra3
Nb3 22. axb5 Qxa3 23. Bxc4+ Kh8 24. Bxb3 axb5 25. Bc1 Qa1 26. Qd3 Rad8 27. Qc2
Rfe8 28. Rxe8+ Rxe8 29. Qd1 Qxc3 30. Be3 f5 31. g3 h6 32. Kg2 Ra8 33. Qd5 Ra3
34. Qg8# 1-0

[Event "AUTO-ADV-3505"]
[Site "http://www.queenalice.com/game.php?id=1386363"]
[Date "2015.9.29"]
[Round "1"]
[White "kykobr"]
[Black "lat47"]
[Result "0-1"]
[WhiteElo "1828"]
[BlackElo "1861"]

1. e4 e5 2. Nf3 Bd6 3. Bc4 h6 4. O-O Nf6 5. Re1 O-O 6. d4 Qe8 7. dxe5 Bxe5 8.
Nxe5 Qxe5 9. Nc3 c6 10. f4 Qc5+ 11. Kh1 Qxc4 12. e5 Ne8 13. f5 Qh4 14. Re4 Qf2
15. f6 Qf5 16. fxg7 Kxg7 17. Rg4+ Kh7 18. Rh4 Rg8 19. Rxh6+ Kg7 20. h3 Qxe5 21.
Rh5 Qe6 22. Rg5+ Kf8 23. Qh5 Ng7 24. Re5 Nxh5 0-1